Vyhláška Ministerstva životného prostredia Slovenskej republiky č. 284/2001 Z.z. z 11. júna 2001, ktorou sa ustanovuje katalóg odpadov v znení vyhlášky č. 409/2002 Z.z.

Zoznam skupín, podskupín a druhov odpadov. Zoznam nebezpečných vlastností odpadov podľa Bazilejského dohovoru. Zoznam skupín odpadov podliehajúcich režimu kontroly a zoznam škodlivín. Zoznam kritérií na posudzovanie nebezpečných vlastností odpadov.

Salvato in:
Dettagli Bibliografici
Natura: Capitolo di libro
Lingua:slovacco
Soggetti:
Tags: Aggiungi Tag
Nessun Tag, puoi essere il primo ad aggiungerne!!

MARC

LEADER 00000naa a2200000 4500
001 r048325
005 20230927071551.6
041 0 |a slo 
044 |a SK 
245 1 0 |a Vyhláška Ministerstva životného prostredia Slovenskej republiky č. 284/2001 Z.z. z 11. júna 2001, ktorou sa ustanovuje katalóg odpadov v znení vyhlášky č. 409/2002 Z.z. 
520 |a Zoznam skupín, podskupín a druhov odpadov. Zoznam nebezpečných vlastností odpadov podľa Bazilejského dohovoru. Zoznam skupín odpadov podliehajúcich režimu kontroly a zoznam škodlivín. Zoznam kritérií na posudzovanie nebezpečných vlastností odpadov. 
610 2 0 |a hospodárstvo odpadové 
610 2 0 |a odpad 
610 2 0 |a kontrola